Dragonball Z/Battle of the Gods quiz by RhysClarke69 - Statistics

General Stats
  • This quiz has been taken 595 times
    593 since last reset
  • The average score is 16 of 23
Answer Stats
Hint Answer % Correct
Who is the main protagonist? Goku
99%
Who first achieved Super Saiyan 2? Gohan
98%
Who said the famous quote "It's over 9000!"? Vegeta
98%
Who did Goku fight using the ^ form? Beerus/Bills
94%
As of Battle of the Gods, what is the form that exceeds Super Saiyan 3? Super Saiyan God
93%
Who accompanied Vegeta during his time on Earth, but was later killed by Vegeta himself? Nappa
91%
How many forms did Cell have? (Includes Super Perfect form) 4
86%
How many forms did Frieza have? (Includes Full Power form) 5
84%
What was the highest form of Super Saiyan that Vegeta reached? Super Saiyan 2
83%
What is the name of Beerus'/Bills' teacher? Whis
80%
Who is Goku's grandchild? Pan
79%
Included only in a movie and said to not be canon, what is the alternative fusion of Goku and Vegeta? Gogeta
78%
Which Saiyan was the only one who rebelled against Frieza beofre Planet Vegeta was destroyed? Bardock
75%
Who cut off Vegeta's tail during the Saiyan Saga? Yajirobe
74%
Who was Buu reincarnated as? Uub
73%
What was the name of the 'Ultimate Warrior' that allowed himself to be absorbed by Buu in order to save many of the Z-Fighters? Vegito/Super Vegito
72%
Which two Z-Fighters were involved in the fusion of the above answer? Goku and Vegeta
69%
What is the name of the technique used to fuse two beings together without using the Potarra Earrings? Fusion Dance
57%
Which game, released in Europe on the 27th of February 2015, includes Tora, Mira and Demigra as the main antagonists? Dragon Ball Xenoverse
44%
Which two main Z-Fighters were absorbed by Buu? Gohan and Gotenks
34%
Who ripped off the form of Super Saiyan? (Hint: He's gotta go fast.) Super Sonic
28%
What was the side effect of the Potarra Earrings that Goku and Vegeta managed to avoid? Permanent fusion
23%
Which video game first included Super Saiyan God Goku as a playable character? Dragon Ball Z: Battle of Z
9%
No matching quizzes found
Score Distribution
Percent of People with Each Score
Percentile by Number Answered
Your Score History
You have not taken this quiz since the last reset